| Tag |
First Indicator |
Second Indicator |
Subfields |
| LEADER |
00000cam a2200000 4500 |
| 001 |
in00000042804 |
| 005 |
20151007064852.0 |
| 008 |
750422s1970 fr a b 00000brusr |
| 010 |
|
|
|a 73570915
|
| 035 |
|
|
|a (OCoLC)01293158
|
| 035 |
|
|
|9 AAE0793AM
|
| 040 |
|
|
|c GUA
|d TXA
|d UtOrBLW
|
| 049 |
|
|
|a TXAM
|c [1413214]
|
| 050 |
0 |
0 |
|a PG3350.Z8
|b T6 1970
|
| 100 |
1 |
|
|a Tomashevskiĭ, B. V.
|q (Boris Viktorovich),
|d 1890-1957.
|
| 245 |
1 |
0 |
|a Pushkin. :
|b Sovremennye problemy istoriko-literaturnogo izucheniia. Leningrad /
|c 1925.
|
| 264 |
|
1 |
|a [The Hague, Paris] :
|b [Mouton],
|c [1970]
|
| 300 |
|
|
|a 137 pages with 1 illustration ;
|c 18cm.
|
| 336 |
|
|
|a text
|b txt
|2 rdacontent
|
| 337 |
|
|
|a unmediated
|b n
|2 rdamedia
|
| 338 |
|
|
|a volume
|b nc
|2 rdacarrier
|
| 490 |
1 |
|
|a Slavistic printings and reprintings,
|v 134
|
| 500 |
|
|
|a In Cyrillic characters.
|
| 504 |
|
|
|a Includes bibliograhical references.
|
| 600 |
1 |
0 |
|a Pushkin, Aleksandr Sergeevich,
|d 1799-1837.
|
| 830 |
|
0 |
|a Slavistic printings and reprintings ;
|v 134.
|
| 999 |
|
|
|a MARS
|
| 999 |
f |
f |
|s 326ab5c9-199a-324b-942b-573095e9bf30
|i 24c148a6-fad4-38b6-99d9-944eba84de18
|t 0
|
| 952 |
f |
f |
|p normal
|a Texas A&M University
|b College Station
|c Sterling C. Evans Library
|d Evans: Library Stacks
|t 0
|e PG3350.Z8 T6 1970
|h Library of Congress classification
|i unmediated -- volume
|m A14803621836
|
| 998 |
f |
f |
|a PG3350.Z8 T6 1970
|t 0
|l Evans: Library Stacks
|